000 00355pab a2200145 454500
008 180718b2015 xxu||||| |||| 00| 0 eng d
100 _aYadav, Vinita
245 _aConclusive land titling: a way for rights entitlement
260 _c2015
300 _ap.42-49.
362 _aJan-Mar
650 _aLand tenure
773 _aNagarlok
909 _a109786
999 _c109781
_d109781